000 01168cam a2200217 4500
001 WB3921-18
008 030604n2003 000 0 eng u
035 _a(Sirsi) u122518
245 _aChanges to Welsh Development Plan system
260 _c2003
490 _aNational Assembly for Wales Press Release
_v3 June 2003 (1)
520 _aThe Welsh Assembly Government has issued the "Initial guidance note on the implications for development plans in Wales of the Planning and Compulsory Purchase Bill". It is intended to aid the transition from the use of unitary development plans to local development plans, due for implementation by 2005. Copies of the guidance note are available at http://www.wales.gov.uk/subiplanning/index.htm. http://www.wales.gov.uk/servlet/PressReleaseByDateServlet?area_code=37E752F2000942E000000A2E00000000&document_code=N0000000000000000000000000010013.
590 _aWB
650 _aWALES
650 _aUNITARY DEVELOPMENT PLANS
650 _aLOCAL DEVELOPMENT PLANS
650 _aGUIDANCE NOTE
650 _aCompulsory purchase
_96228
690 _aENVIRONMENTAL AND LAND CONSULTANCY-PLANNING AND DEVELOPMENT
942 _n0
999 _c72820
_d72820